[Event "4NCL 2011-12"]
[Site "Hinckley ENG"]
[Date "2012.01.15"]
[Round "4.35"]
[White "Munson, Shaun D"]
[Black "Swindells, Jonathan E"]
[Result "0-1"]
[WhiteElo "2201"]
[BlackElo "2178"]
[WhiteTeam "Anglian Avengers"]
[BlackTeam "The AD's"]
[WhiteFideId "412511"]
[BlackFideId "421863"]
[EventDate "2011.11.12"]

1. d4 Nf6 2. Nc3 d6 3. e4 g6 4. Bg5 Bg7 5. Qd2 h6 6. Bh4 c6 7. O-O-O Qc7 8. f4
O-O 9. Nf3 b5 10. e5 b4 11. Nb1 Nd5 12. c4 bxc3 13. Nxc3 Bf5 14. h3 Rc8 15. g4
Nxc3 16. Qxc3 Be4 17. Rh2 c5 18. d5 Qb7 19. Bc4 Nd7 20. Re2 Bxf3 21. Qxf3 Rab8
22. Rd3 Qb4 23. Qe4 dxe5 24. a3 Qa5 25. Bxe7 exf4 26. Qxf4 Rxb2 27. Rxb2 Qe1+
28. Kc2 Bxb2 29. Re3 Qc1+ 30. Kd3 Ne5+ 31. Qxe5 Qd1+ 32. Ke4 Bxe5 33. Bb3 Qd4+
34. Kf3 c4 35. Bc2 Qxd5+ 36. Be4 Qd1+ 37. Kg2 Bd4 0-1

[Event "4NCL 2011-12"]
[Site "Hinckley ENG"]
[Date "2012.01.15"]
[Round "4.38"]
[White "Bellin, Jana M"]
[Black "Smith, Olivia"]
[Result "1/2-1/2"]
[WhiteTitle "WGM"]
[BlackTitle "WFM"]
[WhiteElo "2133"]
[BlackElo "2010"]
[WhiteTeam "The AD's"]
[BlackTeam "Anglian Avengers"]
[WhiteFideId "402168"]
[BlackFideId "411850"]
[EventDate "2011.11.12"]

1. e4 e5 2. Nf3 Nf6 3. Nxe5 d6 4. Nf3 Nxe4 5. Nc3 Nxc3 6. dxc3 Nc6 7. Be3 Be7 8.
Qd2 Bg4 9. Be2 Qd7 10. h3 Be6 11. Ng5 Bxg5 12. Bxg5 f6 13. Be3 Ne5 14. b3 O-O
15. c4 Qf7 16. O-O f5 17. f4 Nc6 18. Bf3 Rad8 19. Bd5 Rfe8 20. Rfe1 Rd7 21. Bf2
Bxd5 22. cxd5 Rxe1+ 23. Rxe1 Ne7 24. c4 b6 25. Re6 Ng6 26. Qe3 h6 27. Re8+ Kh7
28. Re6 Nf8 29. Re8 Ng6 30. g3 Ne7 31. Ra8 a5 32. Be1 Ng8 33. Qe8 Re7 34. Qxf7
Rxf7 35. Bc3 Re7 36. Kf2 h5 37. Rf8 Nh6 38. Kf3 Kg6 39. Rc8 Kf7 40. Rh8 Kg6 41.
Rf8 Re4 42. Rc8 Re7 43. a3 Kf7 44. b4 axb4 45. axb4 Kg6 46. Bd2 Kf7 47. Be3 Kg6
48. Bd2 Kf7 49. Be3 Ng8 50. Bd4 Nf6 51. Bxf6 Kxf6 52. Rf8+ Rf7 53. Rxf7+ Kxf7
54. h4 Ke7 55. b5 1/2-1/2

[Event "4NCL 2011-12"]
[Site "Hinckley ENG"]
[Date "2012.01.15"]
[Round "4.41"]
[White "Knott, Simon J B"]
[Black "Cobb, James"]
[Result "0-1"]
[WhiteTitle "IM"]
[BlackTitle "IM"]
[WhiteElo "2332"]
[BlackElo "2411"]
[WhiteTeam "Barbican 4NCL 1"]
[BlackTeam "Bristol"]
[WhiteFideId "400645"]
[BlackFideId "1800949"]
[EventDate "2011.11.12"]

1. Nf3 d5 2. d4 Nf6 3. c4 e6 4. g3 Bb4+ 5. Bd2 Be7 6. Bg2 O-O 7. O-O c6 8. Qc2
Nbd7 9. Rd1 b6 10. Bf4 Bb7 11. Nc3 Nh5 12. Bc1 f5 13. b3 Rc8 14. Bb2 Bd6 15. e3
Qf6 16. Ne2 g5 17. Qc3 Qh6 18. Ne5 Ndf6 19. f4 gxf4 20. Nxf4 Nxf4 21. exf4 c5
22. Qe1 Bxe5 23. dxe5 Ne4 24. a4 a5 25. Qe2 d4 26. Bf3 Rc7 27. Rd3 Rg7 28. Qg2
Qg6 29. Qh3 Qe8 30. Kf1 Nd2+ 31. Rxd2 Bxf3 32. Kf2 Qa8 33. Qf1 h5 34. Rd3 Be4
35. h4 Kh7 36. Rad1 Rfg8 37. Bc1 Rg4 38. Qh3 Kh6 39. R1d2 Qb7 40. Rd1 Bxd3 41.
Rxd3 Qe4 42. Qf1 Rxg3 0-1

[Event "4NCL 2011-12"]
[Site "Hinckley ENG"]
[Date "2012.01.15"]
[Round "4.42"]
[White "Rudd, Jack"]
[Black "Morrison, Graham SCO"]
[Result "0-1"]
[WhiteTitle "IM"]
[BlackTitle "FM"]
[WhiteElo "2290"]
[BlackElo "2339"]
[WhiteTeam "Bristol"]
[BlackTeam "Barbican 4NCL"]
[WhiteFideId "405736"]
[BlackFideId "2400090"]
[EventDate "2011.11.12"]

1. e4 c5 2. Nf3 e6 3. d4 cxd4 4. Nxd4 Nc6 5. Nc3 d6 6. Be3 Nf6 7. Bc4 Be7 8. Qe2
O-O 9. O-O-O a6 10. f4 Qc7 11. g4 Nxd4 12. Bxd4 e5 13. g5 exd4 14. gxf6 dxc3 15.
fxe7 cxb2+ 16. Kb1 Qxe7 17. Rhg1 Be6 18. Bd3 Qf6 19. Qe3 Rac8 20. Rg3 Kh8 21.
Rdg1 Qc3 22. Rxg7 Rc5 23. Qxc5 dxc5 24. e5 f5 25. exf6 Bg8 0-1

[Event "4NCL 2011-12"]
[Site "Hinckley ENG"]
[Date "2012.01.15"]
[Round "4.44"]
[White "Beaumont, Chris R"]
[Black "Franklin, Samuel G A"]
[Result "0-1"]
[WhiteTitle "IM"]
[WhiteElo "2279"]
[BlackElo "2179"]
[WhiteTeam "Bristol"]
[BlackTeam "Barbican 4NCL 2"]
[WhiteFideId "400424"]
[BlackFideId "468576"]
[EventDate "2011.11.12"]

1. c4 Nf6 2. g3 g6 3. Bg2 Bg7 4. Nf3 O-O 5. O-O d6 6. d4 Nc6 7. Nc3 Rb8 8. e4
Bg4 9. Be3 Nd7 10. Ne2 Na5 11. Rc1 c5 12. b3 a6 13. h3 Bxf3 14. Bxf3 Nc6 15. d5
Nb4 16. a3 Nd3 17. Rb1 b5 18. cxb5 axb5 19. Nc1 Nxc1 20. Bxc1 Ne5 21. Be2 Qa5
22. Bb2 c4 23. Bxe5 Bxe5 24. bxc4 bxc4 25. Qc2 Qxa3 26. Bxc4 Rbc8 27. Qd3 Qc5
28. Bb5 Rc7 29. Bc6 Ra7 30. Rbc1 Qd4 31. Qxd4 Bxd4 32. Rc2 Rb8 33. Kg2 Kg7 34.
Rd1 Bc5 35. Rd3 Rb4 36. Re2 f6 37. f3 Ra1 38. Kh2 Rbb1 39. g4 Rh1+ 40. Kg3 g5
41. Rh2 Rhe1 0-1

[Event "4NCL 2011-12"]
[Site "Hinckley ENG"]
[Date "2012.01.15"]
[Round "4.45"]
[White "Dorrington, Chris J"]
[Black "Andolo, Humphrey"]
[Result "1-0"]
[WhiteElo "2307"]
[BlackElo "2157"]
[WhiteTeam "Barbican 4NCL 2"]
[BlackTeam "Bristol"]
[WhiteFideId "410462"]
[BlackFideId "10800107"]
[EventDate "2011.11.12"]

1. d4 d5 2. c4 e6 3. Nc3 Nf6 4. Bg5 c6 5. e3 Nbd7 6. Nf3 Bb4 7. Bd3 Qa5 8. O-O
dxc4 9. Bxc4 Bxc3 10. bxc3 Qxc3 11. Qe2 Ne4 12. Bh4 Qa5 13. Bd3 Nef6 14. Rac1
Qh5 15. e4 e5 16. h3 g5 17. g4 Qh6 18. Qd2 Rg8 19. Kg2 Nxg4 20. hxg4 Nf6 21. Bg3
Bxg4 22. Rh1 Bxf3+ 23. Kxf3 g4+ 24. Ke2 Qg6 25. Rh6 1-0

[Event "4NCL 2011-12"]
[Site "Hinckley ENG"]
[Date "2012.01.15"]
[Round "4.48"]
[White "Roberts, Lynda"]
[Black "Regan, Natasha K"]
[Result "1/2-1/2"]
[BlackTitle "WIM"]
[WhiteElo "1960"]
[BlackElo "2096"]
[WhiteTeam "Bristol"]
[BlackTeam "Barbican 4NCL 2"]
[WhiteFideId "1800191"]
[BlackFideId "403067"]
[EventDate "2011.11.12"]

1. f4 d5 2. Nf3 Nf6 3. g3 Bg4 4. Bg2 Nbd7 5. d3 c6 6. Nc3 Bxf3 7. Bxf3 e5 8. e4
dxe4 9. Nxe4 Nxe4 10. Bxe4 Bc5 11. c3 exf4 12. Bxf4 O-O 13. Qc2 f5 14. Bf3 Re8+
15. Kf1 Be3 16. Bxe3 Rxe3 17. Kf2 Qg5 18. Rae1 Rae8 19. Qb3+ Kh8 20. Qf7 R8e7
21. Qh5 Rxf3+ 22. Qxf3 Ne5 23. Rxe5 1/2-1/2

[Event "4NCL 2011-12"]
[Site "Hinckley ENG"]
[Date "2012.01.15"]
[Round "4.51"]
[White "Parker, Jonathan F"]
[Black "McNab, Colin A"]
[Result "1/2-1/2"]
[WhiteTitle "GM"]
[BlackTitle "GM"]
[WhiteElo "2531"]
[BlackElo "2438"]
[WhiteTeam "Barbican 4NCL 1"]
[BlackTeam "White Rose"]
[WhiteFideId "400580"]
[BlackFideId "2400030"]
[EventDate "2011.11.12"]

1. d4 d6 2. e4 Nf6 3. Nc3 g6 4. f4 Bg7 5. Nf3 O-O 6. Be2 c5 7. dxc5 Qa5 8. O-O
Qxc5+ 9. Kh1 Nc6 10. Qe1 Nb4 11. Bd3 b6 12. f5 Nxd3 13. cxd3 Ba6 14. Be3 Qc8 15.
Rd1 e6 16. fxg6 1/2-1/2

[Event "4NCL 2011-12"]
[Site "Hinckley ENG"]
[Date "2012.01.15"]
[Round "4.52"]
[White "Palliser, Richard J D"]
[Black "Turner, Matthew J"]
[Result "1-0"]
[WhiteTitle "IM"]
[BlackTitle "GM"]
[WhiteElo "2447"]
[BlackElo "2516"]
[WhiteTeam "White Rose"]
[BlackTeam "Barbican 4NCL 1"]
[WhiteFideId "407372"]
[BlackFideId "402893"]
[EventDate "2011.11.12"]

1. d4 Nf6 2. c4 g6 3. Nc3 d5 4. cxd5 Nxd5 5. e4 Nxc3 6. bxc3 Bg7 7. Bc4 c5 8.
Ne2 O-O 9. O-O Nc6 10. Be3 Qc7 11. Rc1 Rd8 12. Bf4 Be5 13. Bxe5 Nxe5 14. Bb3 Ng4
15. Ng3 Qf4 16. h3 Ne5 17. Qc2 Nf3+ 18. gxf3 Bxh3 19. Qd3 Bxf1 20. Rxf1 Rac8 21.
Qe3 Qxe3 22. fxe3 b5 23. e5 cxd4 24. cxd4 a5 25. Rb1 a4 26. Bd1 Rc3 27. Kf2 Ra3
28. Rb2 Rc8 29. Ne4 Rc1 30. Be2 Ra1 31. d5 R1xa2 32. Rxb5 Rd3 33. f4 Kg7 34. d6
exd6 35. exd6 f5 36. Rb7+ Kf8 37. Rb8+ Kg7 38. Rb7+ Kf8 39. Rb8+ Kg7 40. Nc3 Rc2
41. Nb5 Rd5 42. Nd4 Rc1 43. Rb7+ Kf6 44. d7 Ke7 45. Bb5 a3 46. Ra7 Rcc5 47. Nc6+
Rxc6 48. Bxc6 Rd6 49. Bb5 Rd5 50. Ra8 a2 51. Re8+ Kf6 52. Ra8 Ke7 53. d8=Q+ Rxd8
54. Rxa2 Kf8 55. Ra7 Kg8 56. Ke2 Kh8 57. Bd7 Rb8 58. Kd3 Rb4 59. Be6 h6 60. Bc4
g5 61. Rf7 g4 62. Rxf5 g3 63. Rf8+ Kh7 64. Bd5 h5 65. Rf5 Kh6 66. Bf3 1-0

[Event "4NCL 2011-12"]
[Site "Hinckley ENG"]
[Date "2012.01.15"]
[Round "4.53"]
[White "Collins, Sam E."]
[Black "Wells, Peter K"]
[Result "1-0"]
[WhiteTitle "IM"]
[BlackTitle "GM"]
[WhiteElo "2426"]
[BlackElo "2492"]
[WhiteTeam "Barbican 4NCL 1"]
[BlackTeam "White Rose"]
[WhiteFideId "2501198"]
[BlackFideId "400327"]
[EventDate "2011.11.12"]

1. c4 c6 2. e4 d5 3. exd5 Nf6 4. Nc3 cxd5 5. d4 e6 6. Nf3 Bb4 7. cxd5 Nxd5 8.
Qc2 Qc7 9. Bd2 Nd7 10. Rc1 Bxc3 11. bxc3 b6 12. Qe4 Bb7 13. Qg4 O-O 14. Bb5 N7f6
15. Qh4 Ne7 16. Qg3 Qc8 17. Bd3 Nf5 18. Qh3 Be4 19. Be2 Bd5 20. c4 Bxf3 21. Bxf3
Nxd4 22. Bxa8 Qxa8 23. f3 Qc8 24. Qh4 Rd8 25. Qf2 Qc5 26. Be3 Qb4+ 27. Kf1 e5
28. Bxd4 Rxd4 29. Qe1 Qb2 30. c5 bxc5 31. Rxc5 h6 32. Rxe5 Qxa2 33. Re2 Qc4 34.
Kf2 Qc5 35. Qc1 Rc4+ 36. Qe3 Qc7 37. Rd1 a5 1-0

[Event "4NCL 2011-12"]
[Site "Hinckley ENG"]
[Date "2012.01.15"]
[Round "4.55"]
[White "D'Costa, Lorin A R"]
[Black "Croad, Nicolas"]
[Result "1-0"]
[WhiteTitle "IM"]
[BlackTitle "FM"]
[WhiteElo "2409"]
[BlackElo "2292"]
[WhiteTeam "Barbican 4NCL 1"]
[BlackTeam "White Rose"]
[WhiteFideId "409219"]
[BlackFideId "4300793"]
[EventDate "2011.11.12"]

1. c4 Nf6 2. g3 e6 3. Bg2 d5 4. Nf3 Be7 5. O-O O-O 6. d4 Nbd7 7. Qc2 c6 8. Rd1
b6 9. Bf4 Bb7 10. Nc3 Qc8 11. b3 Re8 12. Ne5 Nxe5 13. Bxe5 Nd7 14. Bf4 Bf6 15.
Rac1 Nf8 16. e4 dxc4 17. bxc4 e5 18. dxe5 Bxe5 19. Bxe5 Rxe5 20. f4 Rc5 21. Bf1
Ba6 22. e5 Bxc4 23. Ne4 Bxf1 24. Nxc5 Bh3 25. Ne4 c5 26. Nd6 Qg4 27. f5 Rd8 28.
Qb3 Qh5 29. Qd3 h6 30. Re1 Rd7 31. Rc4 Bg4 32. Rf4 Nh7 33. h4 a6 34. Qe4 Bh3 35.
Qa8+ Nf8 36. Kh2 Bg4 37. Qe4 Bd1 38. Kg2 b5 39. g4 Qxh4 40. Rxd1 Qg5 1-0

[Event "4NCL 2011-12"]
[Site "Hinckley ENG"]
[Date "2012.01.15"]
[Round "4.57"]
[White "Piper, Matthew S"]
[Black "Townsend, M Paul"]
[Result "1-0"]
[WhiteElo "2341"]
[BlackElo "2255"]
[WhiteTeam "Barbican 4NCL"]
[BlackTeam "White Rose"]
[WhiteFideId "401463"]
[BlackFideId "402320"]
[EventDate "2011.11.12"]

1. e4 e6 2. d4 d5 3. Nd2 c5 4. exd5 exd5 5. Ngf3 Nc6 6. Bb5 Bd6 7. dxc5 Bxc5 8.
O-O Ne7 9. Nb3 Bd6 10. Re1 O-O 11. Bd3 h6 12. h3 Nf5 13. c3 Qf6 14. Bc2 Rd8 15.
Qd3 g6 16. Qd2 Bf8 17. Qf4 Bd6 18. Qd2 Bf8 19. Bxf5 Bxf5 20. Nfd4 Re8 21. Rd1 g5
22. Nxf5 Qxf5 23. Qxd5 Re1+ 24. Kh2 Qxf2 25. Rxe1 Qxe1 26. Bxg5 Qe2 27. Qd2 Qh5
28. Bf4 Rd8 29. Qf2 Ne5 30. Bxe5 Qxe5+ 31. Qg3+ Bg7 32. Qxe5 Bxe5+ 33. Kg1 Kg7
34. Kf2 f5 35. Ke2 Kf6 36. Rd1 Rg8 37. Kf3 Rg3+ 38. Kf2 Rg7 39. Rd8 Bc7 40. Rf8+
Kg6 41. Kf3 Bb6 42. Nd4 Bxd4 43. cxd4 Re7 44. Rd8 Re6 45. d5 Rb6 46. d6 Kf7 47.
b3 Ra6 48. Rh8 Rxd6 49. Rh7+ Kg6 50. Rxb7 a6 51. g3 Kf6 52. Kf4 Rd4+ 53. Ke3 Rd6
54. a4 Ke5 55. Re7+ Kf6 56. Rc7 Rb6 57. Rc3 Ke5 58. Kd3 Kd5 59. Kc2 h5 60. Rf3
Ke4 61. Rf4+ Ke5 62. h4 Rg6 63. Rf3 Rg4 64. a5 Ke6 65. Kc3 f4 66. gxf4 Rxh4 67.
b4 Rh1 68. b5 Ra1 69. Kb4 axb5 70. Rh3 Ra4+ 71. Kxb5 Rxf4 72. a6 Rf1 73. Rxh5
Kd6 74. a7 Rb1+ 75. Ka6 Kc7 76. a8=Q 1-0

[Event "4NCL 2011-12"]
[Site "Hinckley ENG"]
[Date "2012.01.15"]
[Round "4.58"]
[White "Varholakova, Niki"]
[Black "Bhatia, Kanwal K"]
[Result "1-0"]
[WhiteTitle "WFM"]
[BlackTitle "WFM"]
[WhiteElo "2173"]
[BlackElo "2087"]
[WhiteTeam "White Rose"]
[BlackTeam "Barbican 4NCL"]
[WhiteFideId "14906341"]
[BlackFideId "407496"]
[EventDate "2011.11.12"]

1. e4 e5 2. Nf3 Nc6 3. Bc4 Bc5 4. O-O Nf6 5. d3 d6 6. c3 O-O 7. b4 Bb6 8. Bg5
Qe7 9. Nbd2 Nd8 10. Nh4 Ne6 11. Nf5 Qd8 12. Be3 c6 13. Bb3 d5 14. Bxb6 axb6 15.
Re1 Nf4 16. Bc2 dxe4 17. dxe4 g6 18. Ne3 N6h5 19. Ndc4 Qg5 20. g3 Nh3+ 21. Kf1
Qf6 22. Qe2 Be6 23. Nxb6 Ra6 24. Na4 Ng5 25. Nc5 Nf3 26. Nxa6 Bh3+ 27. Ng2 Nh4
28. gxh4 Nf4 29. Qe3 Bxg2+ 30. Kg1 bxa6 31. Qg3 Kh8 32. Bd1 h5 33. Bf3 Bh3 34.
Rad1 Rg8 35. Qg5 Qg7 36. Rd6 Be6 37. Kh1 f6 38. Qg3 Qe7 39. Red1 g5 40. Rxc6
gxh4 41. Qxh4 Qg7 42. Rxe6 1-0

[Event "4NCL 2011-12"]
[Site "Hinckley ENG"]
[Date "2012.01.15"]
[Round "4.61"]
[White "Hawkins, Jonathan"]
[Black "Hanley, Craig A"]
[Result "1/2-1/2"]
[WhiteTitle "IM"]
[BlackTitle "IM"]
[WhiteElo "2480"]
[BlackElo "2415"]
[WhiteTeam "Cheddleton"]
[BlackTeam "Wood Green Hilsmark"]
[WhiteFideId "412686"]
[BlackFideId "408514"]
[EventDate "2011.11.12"]

1. d4 Nf6 2. c4 e5 3. dxe5 Ng4 4. Bf4 Nc6 5. Nf3 Bb4+ 6. Nc3 Qe7 7. Qd5 f6 8.
exf6 Nxf6 9. Qd3 Ne4 10. g3 d6 11. Bg2 Bf5 12. Nh4 Nxc3 13. Nxf5 Nxe2+ 14. Bd2
Nf4+ 15. Nxe7 Nxd3+ 16. Ke2 Kxe7 17. Bg5+ Kf7 18. Kxd3 Ne5+ 19. Kc2 c6 20. Rad1
a5 21. Kb3 Bc5 22. Rhe1 Rhe8 23. h3 Nd7 24. Bf4 Rxe1 25. Rxe1 Re8 26. Rxe8 Kxe8
27. f3 Nb6 28. Bd2 a4+ 29. Kc3 d5 30. b3 Bf2 31. g4 axb3 32. axb3 Ke7 33. f4 Kd6
34. Bc1 dxc4 35. bxc4 Na4+ 36. Kd3 Nc5+ 37. Ke2 Nb3 38. Ba3+ Bc5 39. Bb2 Bd4 40.
Ba3+ Bc5 41. Bb2 1/2-1/2

[Event "4NCL 2011-12"]
[Site "Hinckley ENG"]
[Date "2012.01.15"]
[Round "4.62"]
[White "Trent, Lawrence"]
[Black "Hebden, Mark L"]
[Result "1/2-1/2"]
[WhiteTitle "IM"]
[BlackTitle "GM"]
[WhiteElo "2433"]
[BlackElo "2515"]
[WhiteTeam "Wood Green Hilsmark 2"]
[BlackTeam "Cheddleton"]
[WhiteFideId "408638"]
[BlackFideId "400084"]
[EventDate "2011.11.12"]

1. e4 e5 2. Nf3 Nc6 3. Bb5 a6 4. Ba4 Nf6 5. O-O Be7 6. Re1 b5 7. Bb3 d6 8. c3
O-O 9. d4 Bg4 10. Be3 exd4 11. cxd4 d5 12. e5 Ne4 13. Nc3 Nxc3 14. bxc3 f5 15.
h3 Bh5 16. Bf4 Na5 17. Bc2 Nc4 18. Qd3 g5 19. Bc1 Bg6 20. Qe2 Rb8 21. Bd3 Rb6
22. a4 g4 23. hxg4 fxg4 24. Nh2 Bxd3 25. Qxd3 Rg6 26. axb5 axb5 27. Nf1 Bg5 28.
Bxg5 Qxg5 29. Ra7 Rh6 30. Rxc7 Qh4 31. Ng3 Qh2+ 32. Kf1 Ra6 33. e6 Ra2 34. Re2
Ra1+ 35. Re1 Ra2 36. Re2 Ra1+ 1/2-1/2

[Event "4NCL 2011-12"]
[Site "Hinckley ENG"]
[Date "2012.01.15"]
[Round "4.63"]
[White "Gormally, Daniel W"]
[Black "Ward, Chris G"]
[Result "1/2-1/2"]
[WhiteTitle "GM"]
[BlackTitle "GM"]
[WhiteElo "2520"]
[BlackElo "2448"]
[WhiteTeam "Cheddleton"]
[BlackTeam "Wood Green Hilsmark 1"]
[WhiteFideId "406465"]
[BlackFideId "400203"]
[EventDate "2011.11.12"]

1. d4 Nf6 2. Nf3 e6 3. g3 b5 4. Bg2 d5 5. a4 b4 6. c4 bxc3 7. bxc3 Ba6 8. O-O
Be7 9. Ne5 Nfd7 10. Nd3 O-O 11. e4 c6 12. Re1 Nf6 13. e5 Nfd7 14. Nf4 Nb6 15.
Qg4 Kh8 16. Nd2 N8d7 17. h4 Rg8 18. Nf3 Nf8 19. Ng5 Bxg5 20. hxg5 Nc4 21. Bf3
Qa5 22. Kg2 Qxc3 23. Rh1 g6 24. Rb1 Qc2 25. Rb4 Qc3 26. Rb1 Qc2 27. Rb4 1/2-1/2

[Event "4NCL 2011-12"]
[Site "Hinckley ENG"]
[Date "2012.01.15"]
[Round "4.64"]
[White "McDonald, Neil"]
[Black "Arkell, Keith C"]
[Result "1/2-1/2"]
[WhiteTitle "GM"]
[BlackTitle "GM"]
[WhiteElo "2457"]
[BlackElo "2418"]
[WhiteTeam "Wood Green Hilsmark 1"]
[BlackTeam "Cheddleton"]
[WhiteFideId "400629"]
[BlackFideId "400270"]
[EventDate "2011.11.12"]

1. e4 c6 2. d4 d5 3. exd5 cxd5 4. c4 Nf6 5. Nc3 g6 6. Qb3 Bg7 7. cxd5 O-O 8. Be2
Na6 9. Bf3 Qb6 10. Nge2 Qxb3 11. axb3 Nb4 12. O-O Rd8 13. d6 exd6 14. Nb5 a6 15.
Nc7 Rb8 16. Bd2 Nc6 17. Nxa6 bxa6 18. Bxc6 Rxb3 19. Ba5 Rf8 20. Bc3 Rb6 21. Bf3
Be6 22. Nf4 Bc4 23. Rfe1 g5 24. Nh5 Nxh5 25. Bxh5 Bf6 26. h3 d5 27. Ra5 Rfb8 28.
Rc5 Kg7 29. Re3 R6b7 30. Rf3 Rd7 31. Bg4 Rdb7 32. Bc8 Ra7 33. Bg4 Be7 34. Rf5
Kg6 35. Rc6+ f6 36. f4 h6 37. fxg5 hxg5 38. Rf3 a5 39. Bf5+ Kg7 40. h4 gxh4 41.
Rf4 Be2 42. Rxh4 Rh8 43. Rxh8 Kxh8 44. Re6 Bc4 45. Bxa5 Rxa5 46. Rxe7 Ra1+ 47.
Kh2 Rd1 48. Rh7+ Kg8 49. Rb7 Rxd4 50. b4 Rd2 51. Be6+ Kf8 52. b5 Re2 53. Bg4 Rb2
54. b6 Ba6 55. Rb8+ Ke7 56. Bf3 Kd6 57. Rd8+ Ke7 58. Rb8 Kd6 59. Kg3 Rb4 1/2-1/2

[Event "4NCL 2011-12"]
[Site "Hinckley ENG"]
[Date "2012.01.15"]
[Round "4.45"]
[White "Eggleston, David J"]
[Black "Sowray, Peter J"]
[Result "1-0"]
[WhiteTitle "FM"]
[BlackTitle "FM"]
[WhiteElo "2367"]
[BlackElo "2353"]
[WhiteTeam "Cheddleton"]
[BlackTeam "Wood Green Hilsmark 2"]
[WhiteFideId "412120"]
[BlackFideId "400971"]
[EventDate "2011.11.12"]

1. e4 e6 2. d4 d5 3. Nc3 Bb4 4. e5 Qd7 5. a3 Bxc3+ 6. bxc3 b6 7. Qg4 f5 8. Qg3
Ba6 9. Ne2 Nc6 10. h4 O-O-O 11. h5 Qf7 12. a4 Na5 13. Ba3 Ne7 14. h6 Rdg8 15.
Qg5 Nec6 16. Nf4 Bxf1 17. Kxf1 Nd8 18. Qe7 g5 19. Qxf7 Nxf7 20. Nxe6 Rg6 21. Nf8
Rgg8 22. e6 Rxf8 23. Bxf8 Rxf8 24. exf7 Rxf7 25. Rh5 g4 26. Re1 Nc4 27. f3 g3
28. Rg5 f4 29. Rg7 Rf6 30. Ree7 Ne3+ 31. Kg1 Nf5 32. Rgf7 1-0

[Event "4NCL 2011-12"]
[Site "Hinckley ENG"]
[Date "2012.01.15"]
[Round "4.66"]
[White "Martin, Andrew D"]
[Black "Bellin, Robert"]
[Result "1/2-1/2"]
[WhiteTitle "IM"]
[BlackTitle "IM"]
[WhiteElo "2399"]
[BlackElo "2355"]
[WhiteTeam "Wood Green Hilsmark"]
[BlackTeam "Cheddleton"]
[WhiteFideId "400300"]
[BlackFideId "400343"]
[EventDate "2011.11.12"]

1. c4 e6 2. g3 f5 3. Bg2 Nf6 4. Nc3 Be7 5. d4 O-O 6. Nh3 d6 7. Nf4 Qe8 8. e4
fxe4 9. Nxe4 d5 10. Nc3 dxc4 11. Qe2 Nc6 12. Qxc4 Kh8 13. O-O Bd6 14. Re1 Qf7
15. Nd3 Bd7 16. b4 a6 1/2-1/2

[Event "4NCL 2011-12"]
[Site "Hinckley ENG"]
[Date "2012.01.15"]
[Round "4.67"]
[White "Van Weersel, Arlette"]
[Black "Hasman, Cengiz"]
[Result "1-0"]
[WhiteTitle "WIM"]
[WhiteElo "2194"]
[BlackElo "2108"]
[WhiteTeam "Cheddleton"]
[BlackTeam "Wood Green Hilsmark 2"]
[WhiteFideId "1009877"]
[BlackFideId "413364"]
[EventDate "2011.11.12"]

1. e4 Nf6 2. e5 Nd5 3. d4 d6 4. c4 Nb6 5. exd6 exd6 6. Nc3 Nc6 7. Be3 Be7 8. Nf3
Bg4 9. h3 Bh5 10. g4 Bg6 11. h4 h5 12. g5 d5 13. c5 Nc4 14. Bxc4 dxc4 15. d5 Nb8
16. Qa4+ Qd7 17. Qxc4 Qf5 18. Nd4 Qd3 19. Qxd3 Bxd3 20. O-O-O Bg6 21. Ndb5 Bd8
22. Bf4 Na6 23. d6 c6 24. Nc7+ Bxc7 25. Rhe1+ Kd7 26. dxc7+ Kc8 27. Bd6 b6 28.
cxb6 axb6 29. Re7 Kb7 30. f4 Rac8 31. Rf1 Rhe8 32. Rfe1 Rxe7 33. Rxe7 b5 34. a3
Kb6 35. f5 Bxf5 36. Rxf7 g6 37. Ne2 Nxc7 38. Nd4 Be4 39. b4 Na6 40. Rf6 Re8 41.
Kd2 Nc7 42. Bxc7+ Kxc7 43. Ne6+ Kb6 44. Nc5 Bf5 45. Rf7 Rd8+ 46. Ke3 Bc8 47. Rg7
Rd6 48. Ke4 Rd1 49. Rxg6 Rh1 50. Ke5 Rxh4 51. Rg8 Kc7 52. Rh8 Rh3 53. Ne4 Rh1
54. Rh7+ Kb6 55. Nd6 Re1+ 56. Ne4 Bg4 57. Kf4 Rf1+ 58. Kg3 Rf3+ 59. Kg2 c5 60.
Rh6+ Kc7 61. Nxc5 Rxa3 62. g6 Ra8 63. Kg3 Rg8 64. Kf4 Kd6 65. Ne4+ Ke6 66. Ng3
Rc8 67. Nxh5 Rc4+ 68. Ke3 Bxh5 69. Rxh5 Kf6 70. Rxb5 Kxg6 71. Kd3 Rc1 72. Re5
Kf6 73. Re8 Kf7 74. Re2 Rc8 75. Kd4 Rd8+ 76. Kc4 Rc8+ 77. Kb3 Rb8 78. Re4 Kf6
79. Ka4 Ra8+ 80. Kb5 Kf5 81. Rh4 Ke5 82. Kc6 Rc8+ 83. Kb7 Rc1 84. b5 Kd6 85.
Rh6+ Kd7 86. Rh2 Rc7+ 1-0

[Event "4NCL 2011-12"]
[Site "Hinckley ENG"]
[Date "2012.01.15"]
[Round "4.68"]
[White "Hegarty, Sarah N"]
[Black "McKenna, Jason P"]
[Result "1/2-1/2"]
[WhiteTitle "WFM"]
[WhiteElo "2060"]
[BlackElo "2110"]
[WhiteTeam "Wood Green Hilsmark"]
[BlackTeam "Cheddleton"]
[WhiteFideId "2501465"]
[BlackFideId "403857"]
[EventDate "2011.11.12"]

1. e4 g6 2. d4 Bg7 3. Nf3 d6 4. c3 Nf6 5. Bd3 O-O 6. O-O Nc6 7. d5 Nb8 8. h3 c6
9. c4 Nbd7 10. Nc3 Nc5 11. Bc2 cxd5 12. cxd5 b5 13. Re1 b4 14. Na4 Nxa4 15. Bxa4
Bd7 16. Bc2 Rc8 17. Be3 Rc7 18. Nd4 Qc8 19. Bd3 Nh5 20. Be2 Nf6 21. Bd3 Nh5 22.
Be2 Nf6 23. Bd3 1/2-1/2

[Event "4NCL 2011-12"]
[Site "Hinckley ENG"]
[Date "2012.01.15"]
[Round "4.71"]
[White "Mah, Karl C C"]
[Black "Williams, Simon K"]
[Result "0-1"]
[WhiteTitle "IM"]
[BlackTitle "GM"]
[WhiteElo "2419"]
[BlackElo "2513"]
[WhiteTeam "Cambridge University"]
[BlackTeam "Jutes of Kent"]
[WhiteFideId "404381"]
[BlackFideId "404454"]
[EventDate "2011.11.12"]

1. d4 Nf6 2. Nf3 g6 3. g3 Bg7 4. Bg2 O-O 5. O-O d6 6. c4 Nc6 7. Nc3 Bg4 8. b3
Nd7 9. Be3 e5 10. d5 Ne7 11. Rc1 h6 12. Ne1 g5 13. f3 Bh5 14. g4 Bg6 15. Bf2 f5
16. e4 fxe4 17. fxe4 Nf6 18. Nc2 Bh7 19. Ne3 Ng6 20. Nf5 Nf4 21. c5 h5 22. h3
hxg4 23. hxg4 Bxf5 24. exf5 Rf7 25. Ne4 Nxe4 26. Bxe4 Qf6 27. cxd6 cxd6 28. Qf3
Qh6 29. Be3 Bf6 30. Bxf4 exf4 31. Kg2 Re8 32. Rh1 Qg7 33. Rc4 Rfe7 34. Rhc1 b5
35. Rc8 Qf8 36. Rxe8 Qxe8 37. Re1 Qc8 38. Qd3 Qc5 39. Re2 Qc1 40. Rc2 Qe1 41.
Re2 Qa1 42. Qxb5 Bd4 43. Bb1 Qc3 44. Qb8+ Kf7 45. Rxe7+ Kxe7 46. f6+ Kf7 47.
Bg6+ Kxg6 48. Qg8+ Kxf6 49. Qf8+ Kg6 50. Qe8+ Kg7 0-1